LET Primer and reviewer on principles of teaching / (Record no. 610)

MARC details
000 -LEADER
fixed length control field 00684nam a2200229 4500
003 - CONTROL NUMBER IDENTIFIER
control field OSt
005 - DATE AND TIME OF LATEST TRANSACTION
control field 20240613031714.0
008 - FIXED-LENGTH DATA ELEMENTS--GENERAL INFORMATION
fixed length control field 240613b |||||||| |||| 00| 0 eng d
020 ## - INTERNATIONAL STANDARD BOOK NUMBER
International Standard Book Number 9789710172160
040 ## - CATALOGING SOURCE
Original cataloging agency DWCL-Main lib.
Transcribing agency OC
082 ## - DEWEY DECIMAL CLASSIFICATION NUMBER
Classification number Fil. 371.1 A274l 2010
006 - FIXED-LENGTH DATA ELEMENTS--ADDITIONAL MATERIAL CHARACTERISTICS
fixed length control field a
100 ## - MAIN ENTRY--PERSONAL NAME
Personal name Agno, Lydia N.
245 ## - TITLE STATEMENT
Title LET Primer and reviewer on principles of teaching /
260 ## - PUBLICATION, DISTRIBUTION, ETC.
Place of publication, distribution, etc. Quezon City ;
Name of publisher, distributor, etc. C & E Pub.,
Date of publication, distribution, etc. c2010.
300 ## - PHYSICAL DESCRIPTION
Extent vii,
Other physical details 83 p. ;
Dimensions 25 cm.
650 ## - SUBJECT ADDED ENTRY--TOPICAL TERM
Topical term or geographic name entry element 1. Teachers-Philippines-Examinations, questions, etc.
650 ## - SUBJECT ADDED ENTRY--TOPICAL TERM
Topical term or geographic name entry element 2. Teachers-examinations-Study guides.
650 ## - SUBJECT ADDED ENTRY--TOPICAL TERM
Topical term or geographic name entry element 3. Teaching.
700 ## - ADDED ENTRY--PERSONAL NAME
Personal name Lydia N. Agno
942 ## - ADDED ENTRY ELEMENTS (KOHA)
Source of classification or shelving scheme Dewey Decimal Classification
Suppress in OPAC No
Koha item type Book-Filipiniana
Call number prefix Fil.
Holdings
Withdrawn status Lost status Source of classification or shelving scheme Damaged status Not for loan Home library Current library Shelving location Date acquired Total Checkouts Full call number Barcode Date last seen Copy number Price effective from Koha item type Uniform Resource Identifier
    Dewey Decimal Classification     College Library College Library Filipiniana 06/18/2013   Fil. 371.1 A274l 2010 50005 06/13/2024 c1 06/13/2024 Book-Filipiniana